Important cities in El Salvador - Statistics

General Stats
  • This quiz has been taken 57 times
  • The average score is 3 of 5
Answer Stats
Reason for being important City % Correct
Capital San Salvador
100%
2nd Largest city Santa Ana
63%
Largest city in Eastern part of El Salvador San Miguel
52%
3rd Largest city Soyapango
28%
Major Port Acajutla
26%
No matching quizzes found
Score Distribution
Percent of People with Each Score
Percentile by Number Answered
Your Score History
You have not taken this quiz